| 000 | 01260nam a2200337 i 4500 | ||
|---|---|---|---|
| 003 | EG-ScBUE | ||
| 005 | 20231025094834.0 | ||
| 008 | 180503s2017 ua a f b 000 0bara d | ||
| 017 | _a2017 / 25878 | ||
| 020 | _a9789776533912 | ||
| 040 |
_aEG-ScBUE _bara _erda _cEG-ScBUE _dEG-ScBUE |
||
| 043 | _aa-cc--- | ||
| 082 | 0 | 4 |
_a923.1 _bأ ز ر _222 |
| 100 | 1 |
_aأزرق، عماد، _eمؤلف. |
|
| 245 | 1 | 0 |
_aشي جين بينغ : _bالطريق إلى القمة / _cتأليف عماد الأزرق. |
| 250 | _aالطبعة الأولى. | ||
| 264 | 1 |
_aالقاهرة : _bبيت الحكمة للاستثمارات الثقافية، _c2017. |
|
| 300 |
_a231 صفحة : _bإيضاحيات ؛ _c24 سم. |
||
| 336 |
_2rdacontent _aنص _btxt |
||
| 337 |
_2rdamedia _aبدون وسيط _bn |
||
| 338 |
_2rdacarrier _aمجلد _bnc |
||
| 490 | 0 | _aسياسة | |
| 504 | _aيشتمل على إرجاعات ببليوجرافية. | ||
| 541 |
_aالسفير علي الحفني ؛ _cإهداء ؛ |
||
| 600 | 1 | 7 |
_aبينغ، شي جين، _d1953- _2BUEsh |
| 650 | 7 |
_aالرؤساء _zالصين _vتراجم. _2BUEsh |
|
| 651 | 7 |
_aالصين _xتاريخ _yقرن 21. _2BUEsh |
|
| 653 |
_bBUSBOL _bGGEN _cMay2018 |
||
| 655 | _vReading book | ||
| 942 | _2ddc | ||
| 999 |
_c26626 _d26598 |
||